All Lyrics for Without You - Avicii - Statistics

General Stats
  • This quiz has been taken 36 times
  • The average score is 126 of 207
Answer Stats
Answer % Correct
I
92%
with
92%
Without
92%
without
92%
You
92%
you
92%
a
83%
to
75%
and
71%
And
71%
my
71%
My
71%
out
71%
I'm
67%
me
67%
be
63%
carry
63%
in
63%
the
63%
we
63%
cross
58%
feel
58%
going
58%
it
58%
said
58%
Said
58%
sea
58%
always
54%
at
54%
Bonnie
54%
Clyde
54%
how
54%
How
54%
learn
54%
love
54%
that
54%
would
54%
Figure
50%
follow
50%
Fuck,
50%
got
50%
lost
50%
Stuck
50%
darkness
46%
hide
46%
there
46%
won't
46%
your
46%
about
42%
anywhere
42%
down
42%
eyes
42%
free
42%
just
42%
Tell
42%
Through
42%
wild
42%
But
38%
city
38%
tear
38%
this
38%
you'd
38%
away,
33%
dear
33%
done
33%
fear
33%
heart
33%
Like
33%
running
33%
see
33%
sitting
33%
wind
33%
can't
29%
clear
29%
is
29%
Now
29%
riddle
29%
truth
29%
beating,
25%
From
25%
here
25%
home
25%
myself
25%
were
25%
we'd
21%
wishing
21%
No matching quizzes found
Score Distribution
Percent of People with Each Score
Percentile by Number Answered
Your Score History
You have not taken this quiz